Výběrové soupisy pracovních sil v ČSFR.
Nové úkazy v oblasti zamestnanosti a nové problémy štatistiky práce. Základné východiská hodnotenia situácie na trhu práce. Úloha štatistiky: poskytovať pravidelné štvrťročné informácie o celkových reálnych zdrojoch pracovných síl, o ekonomickej aktivite obyvateľstva a o celkovej situácii na trhu pr...
Salvato in:
| Autore principale: | |
|---|---|
| Natura: | Capitolo di libro |
| Lingua: | ceco |
| Soggetti: | |
| Tags: |
Nessun Tag, puoi essere il primo ad aggiungerne!!
|
MARC
| LEADER | 00000naa a2200000 4500 | ||
|---|---|---|---|
| 001 | r007429 | ||
| 005 | 20220831091020.2 | ||
| 041 | 0 | |a cze | |
| 044 | |a [CS] | ||
| 245 | 1 | 0 | |a Výběrové soupisy pracovních sil v ČSFR. |c J. Berka |
| 520 | |a Nové úkazy v oblasti zamestnanosti a nové problémy štatistiky práce. Základné východiská hodnotenia situácie na trhu práce. Úloha štatistiky: poskytovať pravidelné štvrťročné informácie o celkových reálnych zdrojoch pracovných síl, o ekonomickej aktivite obyvateľstva a o celkovej situácii na trhu práce. Obsah a organizácia výberových súpisov pracovných síl. | ||
| 610 | 2 | 0 | |a štatistika práce |
| 610 | 2 | 0 | |a zamestnanosť |
| 610 | 2 | 0 | |a trh práce |
| 610 | 2 | 0 | |a štatistika síl pracovných |
| 610 | 2 | 0 | |a súpisy |
| 100 | 1 | |a Berka, J. | |